Paradisus
Guardat en:
| Autor principal: | |
|---|---|
| Format: | Llibre |
| Idioma: | espanyol |
| Publicat: |
Santiago
Patricia Ready Galería
2010
|
| Edició: | 1a. ed |
| Matèries: | |
| Etiquetes: |
Afegir etiqueta
Sense etiquetes, Sigues el primer a etiquetar aquest registre!
|
MARC
| LEADER | 00000cam a2200000 a 4500 | ||
|---|---|---|---|
| 001 | UCC4642 | ||
| 003 | CL-VaPUC | ||
| 008 | 180817e20100000cl |||||||||||||||||spa|d | ||
| 082 | 0 | 4 | |a 770.982 |b MAR |2 21 |
| 100 | |a Marin, Matilde |e autora |9 598859 | ||
| 245 | 1 | 0 | |a Paradisus |
| 250 | |a 1a. ed | ||
| 300 | |a 14 p | ||
| 942 | |c BK | ||
| 945 | |d 20180817 12:57:00 |a dcastane | ||
| 260 | |a Santiago |b Patricia Ready Galería |c 2010 | ||
| 500 | |a Exposición realizada en Santiago del 16 de junio al 31 de julio de 2010 | ||
| 650 | 0 | |a Fotografía artística |9 269391 | |
| 650 | 0 | |a Fotografía de paisajes |9 327778 | |
| 583 | |a last modification |c 20180817 12:57:00 |k Rodrigo Vera | ||
| 999 | |c 372094 |d 372092 | ||
| 952 | |0 0 |1 0 |3 erb |4 0 |6 770_982000000000000_MAR_2010 |7 0 |8 R |9 489357 |a BIBART |b BIBART |i 5488095 |o 770.982 MAR 2010 |p 5488095 |r 2025-03-13 |w 2019-11-24 |y BK_R |z Catalogado en:20180817 |k ART | ||
| 952 | |0 0 |1 0 |3 erb |4 0 |6 770_982000000000000_MAR_2010 |7 0 |8 R |9 489358 |a BIBART |b BIBART |i 5488087 |o 770.982 MAR 2010 |p 5488087 |r 2025-03-13 |w 2019-11-24 |y BK_R |z Catalogado en:20180817 |k ART | ||